Barbie Movies in Chronological Order - Statistics

General Stats
  • This quiz has been taken 166 times
  • The average score is 29 of 43
Answer Stats
Hint Extra Hint Answer % Correct
2016 The only barbie movie about secret agents and has the word "spy" in the movie title Barbie: Spy Squad
81%
2005 Only movie to feature Pegasuses Barbie and the Magic of Pegasus
80%
2012 Third barbie movie to feature mermaids and has the number "2" in the movie title Barbie in A Mermaid Tale 2
80%
2015 Second music genre related barbie movie and has the word "royals" in the movie title Barbie in Rock ‘N Royals
80%
2009 Based on a french story and has the name of the french story in its title and has the word "three" in the movie title and story title Barbie and the Three Musketeers
79%
2013 Has the word "pony" in the movie title Barbie & Her Sisters in A Pony Tale
79%
2006 Based on a story by the Brothers Grimm with the name in the movie title and the number "12" in the movie title Barbie in the 12 Dancing Princesses
79%
2008 Has the name of a gem stone that starts with "d" in the movie title Barbie & the Diamond Castle
79%
2010 The movie takes place in Paris France and has the word "fashion" in the movie title Barbie: A Fashion Fairytale
77%
2017 The only barbie movie about video games Barbie: Video Game Hero
77%
2023 Ryan Gosling and Margot Robbie are in this movie and the movie title starts with the letter "b" Barbie
76%
2002 Based on a story by the Brothers Grimm with the name in the movie title and the movie and story title has the letter "R" in the story title and movie title Barbie as Rapunzel
76%
2007 Third and final barbie movie that is related to Fairytopia and has the word "rainbow" in the movie title Barbie Fairytopia: Magic of the Rainbow
76%
2016 Second barbie movie about dogs / puppies and has the word "chase" in the movie title Barbie & Her Sisters in A Puppy Chase
76%
2006 First barbie movie to feature mermaids and is the second movie related to Fairytopia and has the word "mermaid" in the movie title Barbie Fairytopia: Mermaidia
75%
2007 Only barbie movie to have a peacock in it and has the word "island" in the movie title Barbie as the Island Princess
74%
2021 Has the word "birthday" in its movie title Barbie & Chelsea: The Lost Birthday
73%
2017 Has the name of a sea creature that starts with "d" in the movie title and has the word "magic" in the movie title Barbie Dolphin Magic
73%
2022 Interactive movie about a road trip that barbie goes on and has the word "road" in the movie title Barbie: Epic Road Trip
73%
2003 Based on a Tchaikovsky ballet with the name in the movie title and has the word "swan" in the movie title and ballet title Barbie of Swan Lake
73%
2011 Has the word "charm" in the movie title Barbie: Princess Charm School
73%
2012 A modern music related spin off movie of an earlier barbie movie that's based on a story by Mark Twain with a female version of the story name in the title with a modern musical genre twist to the movie title and has the word "pop" in the movie title Barbie: The Princess & the Popstar
73%
2008 Has the spanish word for butterfly in its movie title Barbie: Mariposa
71%
2013 Has the color pink in the movie title Barbie in the Pink Shoes
70%
2021 Takes place in new york and barbie meets barbie and has the word "city" in the movie title Barbie: Big City, Big Dreams
69%
2023 Has the name of Barbie's sister that has a name that starts with the letter "s" in the movie title and has the word Barbie: Skipper and the Big Babysitting Adventure
69%
2016 Has the word "star" in the movie title Barbie: Star Light Adventure
69%
2015 Has the word "power" in the movie title Barbie in Princess Power
67%
2022 The sixth barbie movie to feature mermaids in the movie and it has the word "mermaid" and the word "power" in the movie title Barbie: Mermaid Power
67%
2014 Has the name of a gem stone that starts with "p" in the title and is the fourth barbie movie to feature mermaids Barbie: The Pearl Princess
65%
2010 Second barbie movie to feature mermaids and has the word "tale" in the movie title Barbie in A Mermaid Tale
64%
2013 Has the spanish word for butterfly in its movie title and has the word "fairy" in the movie title Barbie: Mariposa & the Fairy Princess
63%
2005 First barbie movie to have the word "fairy" in the movie movie title Barbie: Fairytopia
62%
2014 Has the word "secret" in the movie title Barbie and the Secret Door
56%
2011 Second barbie movie that's about Christmas Barbie: A Perfect Christmas
56%
2015 First barbie movie about dogs / puppies and has the word "puppy" in the movie title Barbie & Her Sisters in The Great Puppy Adventure
56%
2001 Based on a Tchaikovsky ballet with the name in the movie title Barbie in the Nutcracker
54%
2008 Based on a story by Charles Dickens with the name in the movie title Barbie in A Christmas Carol
49%
2006 First barbie movie that is not fantasy related and not based on fairy tales and other mythical magical stories The Barbie Diaries
47%
2011 Second Barbie movie to have the word "fairy" in the movie title Barbie: A Fairy Secret
43%
2020 Has the word "adventure" in the movie title Barbie Princess Adventure
37%
2004 Based on a story by Mark Twain with a female version of the story name in the movie title Barbie as the Princess and the Pauper
36%
2009 Based on a story by Hans Christian Andersen with the name in the movie title Barbie Presents: Thumbelina
27%
No matching quizzes found
Score Distribution
Percent of People with Each Score
Percentile by Number Answered
Your Score History
You have not taken this quiz